Heirs of general practice
Heirs of General Practice is a frieze of glimpses of young doctors with patients of every age―about a dozen physicians in all, who belong to the new medical specialty called family practice. They are people who have addressed themselves to a need for a unifying generalism in a world that has become...
Gardado en:
| Autor Principal: | |
|---|---|
| Formato: | Libro |
| Idioma: | Undetermined |
| Publicado: |
New York
The Noon day Press
1994
|
| Những chủ đề: | |
| Các nhãn: |
Engadir etiqueta
Sen Etiquetas, Sexa o primeiro en etiquetar este rexistro!
|
| Thư viện lưu trữ: | Trung tâm Học liệu Trường Đại học Cần Thơ |
|---|
| LEADER | 01175nam a2200217Ia 4500 | ||
|---|---|---|---|
| 001 | CTU_220689 | ||
| 008 | 210402s9999 xx 000 0 und d | ||
| 020 | |c 3 | ||
| 082 | |a 610.695 | ||
| 082 | |b M113 | ||
| 100 | |a McPhee, John | ||
| 245 | 0 | |a Heirs of general practice | |
| 245 | 0 | |c John McPhee | |
| 260 | |a New York | ||
| 260 | |b The Noon day Press | ||
| 260 | |c 1994 | ||
| 520 | |a Heirs of General Practice is a frieze of glimpses of young doctors with patients of every age―about a dozen physicians in all, who belong to the new medical specialty called family practice. They are people who have addressed themselves to a need for a unifying generalism in a world that has become greatly subdivided by specialization, physicians who work with the "unquantifiable idea that a doctor who treats your grandmother, your father, your niece, and your daughter will be more adroit in treating you" | ||
| 650 | |a Family medicine,Bác sĩ (Thực tập tổng quát),Physicians (General practice),Bác sĩ gia đình | ||
| 650 | |z United States,Hoa Kỳ,United States,Hoa Kỳ | ||
| 904 | |i Nguyên | ||
| 980 | |a Trung tâm Học liệu Trường Đại học Cần Thơ | ||